| 000 | 00442cam a2200169ua 4500 | ||
|---|---|---|---|
| 020 |
_a81-7029-373-1 _c225.00 |
||
| 041 |
_aeng _h |
||
| 082 |
_a005.369 _bMAN/CO |
||
| 100 | _aMansfield, Ron . | ||
| 245 |
_aCompact guide to Microsoft office / _cRon Mansfield. _hTextual Documents |
||
| 260 |
_aNew Delhi : _bBPB Publications , _c1994. |
||
| 300 | _a780 ; . | ||
| 365 | _a225.00 | ||
| 504 | _a | ||
| 942 | _cBK | ||
| 999 |
_c9089 _d9089 |
||